| 000 | 00417nam a2200157Ia 4500 | ||
|---|---|---|---|
| 008 | 220204s9999 xx 000 0 und d | ||
| 082 |
_a678.5 _bRIE |
||
| 245 | 0 | _aRubber toughened plastics | |
| 260 |
_aWashington _bACS _c1989 |
||
| 490 | _aAdvancees in chemistry series 222 | ||
| 650 | _aEpoxy resin | ||
| 650 | _aRubber toughened plastics | ||
| 650 | _aStyrene polymers | ||
| 700 | _aRiew, C Keith | ||
| 942 | _cBK | ||
| 999 |
_c40092 _d40092 |
||